| 000 | 00962nam a2200289 i 4500 | ||
|---|---|---|---|
| 001 | bg | ||
| 003 | BPK | ||
| 005 | 20191002090814.0 | ||
| 008 | s2000 pl g f |000 0 eng d | ||
| 020 | _a0194313492 | ||
| 040 | _cBPK | ||
| 041 | 0 | _aeng | |
| 080 | _a811.111'36 | ||
| 080 | _a(076) | ||
| 100 | 1 |
_aThomson, Audrey Jean _d(1920- ). |
|
| 245 | 1 | 0 |
_aA practical English grammar : _bexercises 1 / _cA.J. Thomson, A.V. Martinet. |
| 250 | _a3th ed., 17th impr. | ||
| 260 |
_aOxford : _bOxford University Press, _c2000. |
||
| 300 |
_a180, [1] s. ; _c21 cm. |
||
| 650 |
_aEnglish language _xGrammar _vProblems, exercises, etc. |
||
| 650 | 4 |
_aJęzyk angielski _xgramatyka. |
|
| 655 | 4 | _aĆwiczenia i zadania | |
| 655 | 4 | _aPodręcznik | |
| 700 | 1 |
_aMartinet, Agnes V. _d(1921- ). |
|
| 942 |
_cKS _2UKD |
||
| 999 |
_c45456 _d45456 |
||